000 00946nam a22002537a 4500
001 BD-DhSAU 9521
003 BD-DhSAU
005 20260430102335.0
008 260430b2005 bg a||||r|||| 000 0 eng d
040 _aBD-DhSAU
082 _222
_a615.792
_bsa139
100 _aSyathis, Sabrin Mirza
245 _aStudies on the virucidal activity of medicinal plant component against a human norovirus surrogate, severe acute respiratory syndrome coronavirus 2, and influenza a virus /
_bPh.D. Thesis
260 _aObihiro University of Agriculture and veterinary Medicine Japan :
_bDepartment of Veterinary Medicine,
_c2003.
300 _aiv, 67 p. :
_bill. ;
_c30 cm.
500 _aPh.D thesis of
590 _ajoy
650 _avirucidal activity of medicinal plant
650 _ahuman norovirus surrogate,
650 _arespiratory syndrome coronavirus 2,
650 _ainfluenza a virus
700 _eSupervisor
942 _2ddc
_cPHD
999 _c18347
_d18346